Statistics for Liverpool 18/19 squad

Click here to take the quiz!

General Stats

  • This quiz has been taken 22 times
  • The average score is 20 of 29

Answer Stats

HintAnswer% Correct
10Sadio Mane
100%
9Roberto Firmino
100%
11Mohamed Salah
100%
3Fabinho
100%
66Trent Alexander-Arnold
95%
4Virgil van Dijk
95%
14Jordan Henderson
91%
6Dejan Lovren
86%
7James Milner
86%
32Joel Matip
86%
8Naby Keita
82%
5Georginio Wijnaldum
77%
13Alisson Becker
77%
26Andrew Robertson
77%
23Xherdan Shaqiri
73%
27Divock Origi
73%
2Nathaniel Clyne
73%
20Adam Lallana
73%
21Alex Oxlade-Chamberlain
64%
12Joe Gomez
64%
22Simon Mignolet
59%
15Daniel Sturridge
55%
24Rhian Brewster
45%
18Alberto Moreno
45%
48Curtis Jones
32%
62Caoimhin Kelleher
27%
58Ben Woodburn
18%
64Rafael Camacho
9%
47Nathaniel Phillips
5%

Score Distribution

Percentile by Number Answered

Percent of People with Each Score

Your Score History

You have not taken this quiz